00976nam a2200205Ia 4500008004100000020001500041041001200056082001600068100001500084245007300099260002500172300000800197650001400205700001600219942000700235999001500242952017100257952017100428952017100599221030s9999 xx 000 0 und d a0070589372 aEnglish a105.23bKru aH. Kruglak 0aSchaum`s Basic Mathematics with Applications to Science & Technology bTMHaNew Delhic2005 a488 aMCA Maths aJ. T. Moore cBK c2701d2701 pM 933g295.00l0o105.23 Krur2024-06-10 00:00:00w2022-10-30yBK003Print4070aMIETLIBbMIETLIBcBL-Academic Block- B, FL-2, CUP-82, SH-1, R-1d2006-09-0510HMCA pM 934g295.00l0o105.23 Krur2024-06-10 00:00:00w2022-10-30yBK003Print4070aMIETLIBbMIETLIBcBL-Academic Block- B, FL-2, CUP-82, SH-1, R-1d2006-09-0410HMCA pM 935g295.00l0o105.23 Krur2024-06-10 00:00:00w2022-10-30yBK003Print4070aMIETLIBbMIETLIBcBL-Academic Block- B, FL-2, CUP-82, SH-1, R-1d2006-09-0410HMCA